<?xml version="1.0" encoding="UTF-8"?>
<marc:record xmlns:marc="http://www.loc.gov/MARC21/slim">
   <marc:leader>00000nam a2200000 a 4500</marc:leader>
   <marc:datafield ind1="1" ind2=" " tag="100">
      <marc:subfield code="a">Franz, Andreas</marc:subfield>
      <marc:subfield code="4">aut</marc:subfield>
      <marc:subfield code="e">Verfasser/-in</marc:subfield>
   </marc:datafield>
   <marc:datafield ind1="0" ind2="0" tag="245">
      <marc:subfield code="a">Kalter Schnitt 17</marc:subfield>
   </marc:datafield>
   <marc:datafield ind1="0" ind2="0" tag="245">
      <marc:subfield code="b">Julia Durants neuer Fall 17</marc:subfield>
   </marc:datafield>
   <marc:datafield ind1=" " ind2="1" tag="264">
      <marc:subfield code="b">Droemer-Knaur</marc:subfield>
      <marc:subfield code="c">2017</marc:subfield>
   </marc:datafield>
   <marc:datafield ind1="1" ind2=" " tag="490">
      <marc:subfield code="a">Kalter Schnitt</marc:subfield>
   </marc:datafield>
   <marc:datafield ind1="1" ind2=" " tag="520">
      <marc:subfield code="a">Der neue große Krimi-Bestseller von Andreas Franz und Daniel Holbe. Julia Durants 17. Fall - und einer ihrer grausamsten. Als die Frankfurter Kommissarin Julia Durant wieder einmal an einen Tatort in Frankfurt gerufen wird, erwartet sie dort ein wahres Blutbad: Eine Frau wurde mit einer Grausamkeit ermordet, wie sie selbst die erfahrene Ermittlerin selten erlebt hat. Und: Sie wurde sexuell verstümmelt. Ein Ritualmord? Zunächst steht Durant vor einem Rätsel. Doch dann entdeckt sie, dass es in der Vergangenheit bereits ähnliche Fälle gegeben, jedoch niemand eine Verbindung zwischen ihnen erkannt hat. Hat es Julia Durant mit einem Serientäter zu tun, der sein gefährliches Spiel bislang im Verborgenen trieb?</marc:subfield>
   </marc:datafield>
   <marc:datafield ind1=" " ind2=" " tag="020">
      <marc:subfield code="a">9783426516508</marc:subfield>
      <marc:subfield code="9">9783426516508</marc:subfield>
   </marc:datafield>
</marc:record>
